000 00432nam a2200181Ia 4500
001 14704
005 20260306164933.0
008 260306t2005||||xx |||||||||||||| ||spa||
041 _aESP
082 _a515.7
_bP668
100 _aPotter, Merle C.
_eAUT
245 0 _aAdvanced engineering mathematics
260 _c2005
300 _axii, 739 páginas :
_c24 cm.
650 _aGEN
654 _aCMA
942 _cLIB
_dJUS
_fJUS
_2ddc
_n
999 _c14704
_d14704